000 00212 a2200097 4500
001 517
100 _aQuarrington,CA
245 _aModern Practual Radio and television
260 _a
_bCaxton
_c
090 _c129
_d129
942 _aNUST-CAE
_cM
_c3224
999 _c235590
_d235590